00696nam a22002177a 450000500170000001000150001702000260003203500140005803700100007208200140008210000170009624500850011325000060019826000420020427001190024630000180036570000260038370000310040970000320044076000060047220260210164150.0 aENG-147783 a9788199546110c450.00 aEN-131315 bDBAD  a006.3121 aPandey, Anil aMachine Learning:bThe Power Engine of Modern Industries/cAnil Pandey...[et.al] a1 aChhattisgrahbAditi Publicationc2025 aOpp.New Panchajanya Vidya Mandir, Near Tiranga Chowk, Kushalpur,Raipur, Chhattisgrah,INDIAbRaipurk+91 9425210308 a196p.c20(pb) aMishra, AnkiteAuthor aNigam, Manoj KumareAuthor aMeshram, Amit KumareAuthor b1